Výchova a voľný čas vybrané kapitoly z pedagogiky voľného času

Bibliographic Details
Main Authors: Kavanová, Alica, 1962- (Author), Chudý, Štefan, 1978- (Author)
Format: Book
Language:Slovak
Czech
PhysicalDescription:156 s. 30 cm
Published: Zlín Univerzita Tomáše Bati - Univerzitní institut 2005
ISBN:8073182661
Edition:1. vyd.
Series:Učební texty vysokých škol
Subjects:

MARC

LEADER 00000nam a2200000 a 4500
001 vtls008888277
003 SK-MaSNL
005 20260301022435.0
008 240314s2005 xr f n 000 0 slo
015 |a SNBZSA2007-00229 
020 |a 8073182661  |q (brož.) 
035 |a F2604E51-A308-4011-8D75-C09DC6E60344 
035 |a urn:nbn:sk:snk-amybmy 
035 |a urn:nbn:sk:snk-am00ce22 
040 |a SNK  |b slo  |c SNK  |e AACR2 
041 0 |a slo  |a cze 
044 |a xr  |c CZ 
072 7 |a 37  |x Výchova a vzdelávanie  |2 konspekt 
080 |a 379.8  |x (075.8)  |2 2001 
100 1 |a Kavanová, Alica,  |d 1962-  |4 aut  |9 313099 
245 1 0 |a Výchova a voľný čas  |b vybrané kapitoly z pedagogiky voľného času  |c Alica Kavanová, Štefan Chudý 
246 3 0 |a Vybrané kapitoly z pedagogiky voľného času 
250 |a 1. vyd. 
260 |a Zlín  |b Univerzita Tomáše Bati - Univerzitní institut  |c 2005 
300 |a 156 s.  |c 30 cm 
490 1 |a Učební texty vysokých škol 
500 |a 300 výt. 
504 |a Bibliogr. Bibliogr. odkazy 
546 |a Text čiast. slov., čiast. čes. 
650 0 7 |a pedagogika voľného času  |2 SNKPH  |9 14931 
655 7 |a učebnice vysokých škôl  |2 SNKPH  |9 70191 
700 1 |a Chudý, Štefan,  |d 1978-  |4 aut  |9 221098 
710 2 |a Univerzita Tomáše Bati ve Zlíně.  |b Fakulta humanitních studií.  |b Ústav pedagogických věd  |4 pbl  |9 53925 
810 2 |a Univerzita Tomáše Bati ve Zlíně.  |t Učební texty vysokých škol  |9 101208 
919 |a 80-7318-266-1 
958 |a ZS 
958 |a UV 
958 |a NB 
999 |c 567404  |d 569334 
952 |a SNK  |b SNK  |y PREZ  |7 0  |p 17A0531147  |o snkSB 73441  |i snk2006/25812  |8 4  |g 4.78  |0 0  |1 0  |4 0  |d 2006-12-06  |f 1  |l 0  |r 2025-04-28 00:00:00  |w 2026-02-23